00286nam a2200109Ia 4500008004000000082001600040100002400056245003600080250000500116260004700121300000800168210210b1983 xxu||||| |||| 00| 0 eng d a032.02 MANO aMANORAMA YEAR BOOK. aManorama year book 1983. Ed 18. a aKerala.bManorama publishing House.,c1983 a820